[Event "18th ch-IRI"]
[Site "Tehran IRI"]
[Date "2008.02.23"]
[Round "9"]
[White "Moosavian,S"]
[Black "Ahmadinia,E"]
[Result "1/2-1/2"]
[WhiteElo "2349"]
[BlackElo "2227"]

1.e4 d5 2.exd5 Qxd5 3.Nc3 Qd6 4.d4 Nf6 5.Nf3 a6 6.g3 b5 7.Bg2 Bb7 8.O-O e6
9.Bf4 Qb6 10.a4 Bd6 11.Be3 Ng4 12.Qd3 b4 13.a5 Qa7 14.Ne4 Nxe3 15.fxe3 h6
16.Bh3 Nd7 17.c4 O-O 18.Nfg5 hxg5 19.Nxg5 f5 20.Nxe6 Be4 21.Qb3 c5 22.Nxf8 Rxf8
23.Rf2 g6 24.Raf1 Nf6 25.Qd1 Kg7 26.Bg2 Rh8 27.Bxe4 Nxe4 28.Rxf5 gxf5 29.Rxf5 Nf6
30.e4 cxd4 31.c5 Bxc5 32.e5 d3+ 33.Kf1 Be7 34.exf6+ Bxf6 35.Qg4+ Kf7 36.Qc4+ Kg7
37.Qg4+ Kf7 38.Qc4+ Kg7 39.Qg4+  1/2-1/2

[Event "25th Festival Open A"]
[Site "Bled SLO"]
[Date "2008.02.24"]
[Round "3"]
[White "Kersic,M"]
[Black "Kierzek,Mi"]
[Result "1-0"]
[WhiteElo "2199"]
[BlackElo "2012"]

1.e4 d5 2.exd5 Qxd5 3.Nc3 Qd6 4.d3 Nf6 5.g3 Bg4 6.Nf3 c6 7.Bg2 e5 8.O-O Nbd7
9.h3 Bh5 10.Re1 Bxf3 11.Qxf3 Be7 12.Bd2 O-O 13.Rab1 a5 14.a3 a4 15.g4 Nc5
16.Rbd1 Ne6 17.g5 Nd4 18.Qg3 Nd7 19.Ne4 Qg6 20.c3 Ne6 21.Be3 Rad8 22.h4 f5
23.gxf6 gxf6 24.h5 Qg7 25.Bh6 Qxg3 26.Nxg3 Ng7 27.Bh3 Rfe8 28.Re4 Kf7 29.Rxa4 Rg8
30.Kf1 Nc5 31.Ra7 Rb8 32.d4 exd4 33.cxd4 Nce6 34.d5 cxd5 35.Rxd5 Rgd8 36.Rb5 Rd1+
37.Kg2 Rd7 38.Be3 Bd6 39.Rd5 Ke7 40.h6 Ne8 41.Nf5+ Kf7 42.Bg4 Rc8 43.Bh5+ Kf8
44.Bf3 Kf7 45.Rb5 N8c7 46.Nxd6+ Rxd6 47.Rbxb7 Rg8+ 48.Kf1 Kg6 49.Rxc7 Nxc7
50.Rxc7 f5 51.a4 f4 52.Bxf4 Rd4 53.Be5 Rxa4 54.Rg7+ Kxh6 55.Rxg8 Ra1+ 56.Kg2 Rg1+
57.Kh2 Rxg8 58.Be4 Re8 59.f4 Re7 60.b4 Ra7 61.Kg3 Ra3+ 62.Kg4 Rb3 63.Bd6 Kg7
64.Bc6 Kf6 65.Be5+ Ke7 66.b5 Ke6 67.Bc7 Rc3 68.f5+ Ke7 69.Be5 Rc5 70.b6 Rxe5
71.b7 h5+ 72.Kg5 Rc5 73.b8=Q Rxc6 74.Qb7+ Kd6 75.Qxc6+ Kxc6 76.f6 Kd7 77.Kg6  1-0

[Event "Masters"]
[Site "Bunratty IRL"]
[Date "2008.02.24"]
[Round "6"]
[White "Delaney,K"]
[Black "Lyons,B"]
[Result "1/2-1/2"]
[WhiteElo "1984"]
[BlackElo "2115"]

1.e4 d5 2.exd5 Qxd5 3.Nc3 Qd8 4.d4 Nf6 5.Bc4 Bg4 6.f3 Bf5 7.Nge2 e6 8.Bg5 Be7
9.Qd2 c6 10.O-O-O b5 11.Bd3 Bxd3 12.Qxd3 a5  1/2-1/2

[Event "ch-ROU"]
[Site "Cluj ROU"]
[Date "2008.02.25"]
[Round "1"]
[White "Pribeanu,D"]
[Black "Mateuta,G"]
[Result "1-0"]
[WhiteElo "2233"]
[BlackElo "2503"]

1.e4 d5 2.exd5 Qxd5 3.Nc3 Qd6 4.d4 c6 5.Nf3 Nf6 6.g3 Bf5 7.Bg2 e6 8.O-O Be7
9.Ne5 h6 10.Bf4 Qd8 11.g4 Bh7 12.h3 O-O 13.Qd2 Nbd7 14.Rad1 Qb6 15.Nc4 Qa6
16.Nd6 Nd5 17.Bg3 N7f6 18.Rfe1 Rfd8 19.Bf1 b5 20.Nce4 Nxe4 21.Nxe4 Bxe4 22.Rxe4 Qxa2
23.c3 a5 24.Bd3 b4 25.c4 Nf6 26.Ree1 Kf8 27.Be5 a4 28.g5 hxg5 29.Qxg5 a3
30.Kh1 Ne8 31.Qf4 Bf6 32.Bxf6 gxf6 33.Re2 e5 34.Qh6+ Ke7 35.dxe5  1-0

[Event "ch-ROU"]
[Site "Cluj ROU"]
[Date "2008.02.26"]
[Round "3"]
[White "Dragomirescu,R"]
[Black "Nanu,C"]
[Result "1/2-1/2"]
[WhiteElo "2142"]
[BlackElo "2527"]

1.e4 d5 2.exd5 Qxd5 3.Nc3 Qd8 4.d4 Nf6 5.Nf3 a6 6.g3 b5 7.Bg2 Bb7 8.O-O e6
9.Bf4 Nbd7 10.Ne5 Bxg2 11.Kxg2 Nxe5 12.dxe5 Qxd1 13.Raxd1 Nd7 14.a4 Bb4 15.Ne4 Nb6
16.axb5 axb5 17.Rd4 Be7 18.b3 O-O 19.Rfd1 h6 20.h4 c5 21.R4d3 c4 22.bxc4 bxc4
23.Rd4 Rfc8 24.Rb1 Rc6 25.c3 Ra5 26.h5 Rd5 27.Rxd5 exd5 28.Nd6 f6 29.Nf5 Bc5
30.g4 Kf7  1/2-1/2

[Event "ch-ROU"]
[Site "Cluj ROU"]
[Date "2008.02.27"]
[Round "4"]
[White "Doros,R"]
[Black "Ardelean,Ge"]
[Result "0-1"]
[WhiteElo "1936"]
[BlackElo "2475"]

1.e4 d5 2.exd5 Qxd5 3.Nc3 Qd6 4.d4 Nf6 5.Nf3 c6 6.Be2 Bg4 7.O-O Nbd7 8.Be3 e6
9.Qd2 Qc7 10.Bf4 Bd6 11.Bxd6 Qxd6 12.Rad1 h6 13.Ne1 Bf5 14.Bf3 O-O-O 15.Ne2 e5
16.Ng3 Bg6 17.d5 e4 18.dxc6 Qxc6 19.Be2 Nb6 20.Qc1 h5 21.h4 Rxd1 22.Bxd1 Qd5
23.b3 Rd8 24.Be2 Qa5 25.a4 Qc3 26.Qg5 Rd5 27.Qe3 Qxe3 28.fxe3 Kc7 29.Rf2 a5
30.Nf1 Nfd7 31.g3 Ne5 32.Ng2 Rc5 33.Ne1 Nd5 34.Bd1 Nc3 35.Rd2 Rc6 36.Be2 Rd6
37.Rxd6 Kxd6 38.Kf2 f6 39.Ng2 Bf7 40.Nf4 g6 41.Nd2 Kc5 42.Ke1 Kb4 43.Bd1 Be8
44.Ne2 Bc6 45.Nd4 Bd5 46.Be2 Nc6 47.Nxc6+ bxc6 48.Bc4 Ka3 49.Bxd5 cxd5 50.Nf1 Kb2
51.Kd2 Nb1+ 52.Kd1 Nc3+ 53.Kd2 Nb1+ 54.Kd1 Na3 55.b4 axb4 56.a5 Nb5 57.a6 b3
58.cxb3 Kxb3 59.Nd2+ Kc3 60.Ke2 Kb4 61.Ke1 Ka5 62.Nb3+ Kxa6 63.Nc5+ Kb6 64.Nd7+ Kc7
65.Nxf6 Kd6 66.Kf2 Nc7 67.Nh7 Ke7 68.Ng5 Ne6 69.Nh3 Kd6 70.Ke2 Ke5 71.Nf2 d4
72.exd4+ Nxd4+ 73.Kf1 Nf5 74.Kg2 Kd4 75.Nh3 Ke3 76.Nf2 Nh6 77.Nh3 Ng4 78.Nf4 Ne5
79.Nd5+ Kd2 80.Nf4 e3 81.Kf1 Nf3 82.Ng2 Nh2+ 83.Kg1 Ng4  0-1

[Event "3rd l'Ouest Toulousain Open"]
[Site "Colomiers FRA"]
[Date "2008.02.27"]
[Round "4"]
[White "Libiszewski,F"]
[Black "Garrel,A"]
[Result "1-0"]
[WhiteElo "2468"]
[BlackElo "2151"]

1.e4 d5 2.exd5 Qxd5 3.Nc3 Qd6 4.d4 Nf6 5.Nf3 a6 6.g3 Bf5 7.Bg2 Nc6 8.O-O Rd8
9.d5 Nxd5 10.Qxd5 Qxd5 11.Nxd5 Rxd5 12.Nh4 Be6 13.Bxd5 Bxd5 14.Rd1 Be4 15.Bf4 e5
16.Re1 f5 17.f3 Bc5+ 18.Kg2 O-O 19.fxe4 exf4 20.gxf4 fxe4 21.Rxe4 g5 22.Rc4 Be3
23.fxg5 Rf2+ 24.Kg3 Nd4 25.Re1 Ne2+ 26.Rxe2 Rxe2 27.Kf3 Re1 28.Ng2  1-0

[Event "58th ch-RUS w 1st liga"]
[Site "Smolensk RUS"]
[Date "2008.02.27"]
[Round "1"]
[White "Manakova,I"]
[Black "Chudinovskikh,Z"]
[Result "1-0"]
[WhiteElo "2200"]
[BlackElo "1944"]

1.e4 d5 2.exd5 Qxd5 3.Nc3 Qd6 4.d4 Nf6 5.Be2 a6 6.Nf3 e6 7.Ne5 Be7 8.Bf3 O-O
9.O-O Rd8 10.Be3 c5 11.Ne4 Nxe4 12.Bxe4 f5 13.Bd3 cxd4 14.Bf4 Qc5 15.Re1 Bf6
16.Qh5 Rf8 17.Nf3 Nc6 18.Bg5 Bd7 19.Bxf6 Rxf6 20.Nd2 b5 21.Ne4 Qf8 22.Nxf6+ Qxf6
23.a4 b4 24.Qe2 a5 25.Bb5 Rc8 26.Rad1 Rc7 27.Rd2 Kf7 28.b3 g6 29.Red1 e5
30.Bc4+ Kg7 31.Bb5 Nd8 32.Bxd7 Rxd7 33.Qb5 Qd6 34.f4 Re7 35.Qxa5 Nc6 36.fxe5 Rxe5
37.Qb6 Qe6 38.Rf2 Kh6 39.Qc7 Qd5 40.Rdf1 Re7 41.Qf4+ Kg7 42.Qd2 Ne5 43.Re2 Qc5
44.Kh1 Rd7 45.Rfe1 Ng4 46.h3 Nf6 47.Re5 Qd6 48.Re6 Qf8 49.R1e5 Nh5 50.Qe1 Rf7
51.Re7 Ng3+ 52.Kh2 Nf1+ 53.Kg1 Ne3 54.Rxf7+ Kxf7 55.Qh4 h5 56.Qxd4 f4 57.Qxf4+ Nf5
58.Rxf5+ gxf5 59.Qxf5+ Kg7 60.Qxf8+ Kxf8  1-0

[Event "ch-ROU"]
[Site "Cluj ROU"]
[Date "2008.02.28"]
[Round "5"]
[White "Nemeth,F"]
[Black "Schmidt,Rau"]
[Result "1-0"]
[WhiteElo "2451"]
[BlackElo "2160"]

1.e4 d5 2.exd5 Qxd5 3.Nc3 Qd6 4.d4 c6 5.Bc4 Nf6 6.Nge2 Bf5 7.Bf4 Qb4 8.Bb3 e6
9.O-O Nbd7 10.Re1 Nb6 11.a3 Qe7 12.Ng3 Bg6 13.Bg5 O-O-O 14.a4 h6 15.Bh4 Qb4
16.Nce2 Qa5 17.c3 e5 18.Bxf6 gxf6 19.Bc2 exd4 20.cxd4 h5 21.b4 Qd5 22.Bb3 Qd7
23.a5 Nd5 24.Bxd5 Qxd5 25.a6 b6 26.Nf1 Bxb4 27.Qa4 Bc3  1-0

[Event "58th ch-RUS w 1st liga"]
[Site "Smolensk RUS"]
[Date "2008.02.28"]
[Round "2"]
[White "Ogloblina,L"]
[Black "Lomako,A"]
[Result "1/2-1/2"]
[WhiteElo "2153"]
[BlackElo "2283"]

1.e4 d5 2.exd5 Qxd5 3.Nc3 Qd6 4.d4 Nf6 5.Nf3 a6 6.Bc4 b5 7.Bb3 Bb7 8.Ne5 e6
9.Bf4 c5 10.dxc5 Qxd1+ 11.Rxd1 Bxc5 12.O-O Nc6 13.Nxc6 Bxc6 14.Bd6 Bb6 15.Rd2 O-O-O
16.Rfd1 Kb7 17.a3 Rd7 18.Be5 Rxd2 19.Rxd2 Ng4 20.Bg3 h5 21.h3 Nf6 22.Kf1 h4
23.Be5 Rh5 24.Bd4 Bc7 25.f3 Rf5 26.Bf2 g5 27.Ne2 Bd5 28.Bxd5+ Rxd5 29.Be3 Re5
30.Bd4 Rf5 31.Kg1 Nd5 32.b3 Nb6 33.Nc3 Bf4 34.Rd1 Kc6 35.Kf2 Bg3+ 36.Ke2 Nd5
37.Nxd5 Rxd5 38.Rd3 Bd6 39.Bb2 Rc5 40.Kd1 Rd5 41.Rxd5 Kxd5 42.Bf6 Bf4 43.Ke2 e5
44.Kd3 Bc1 45.c4+ bxc4+ 46.bxc4+ Ke6 47.Bd8 Kd7 48.Bf6 Ke6 49.Bd8 Bxa3 50.Bxg5 Be7
51.Bd2 f5 52.Ba5 Kd7 53.Bc3 Bf6 54.Be1 Kc6 55.g3 a5 56.gxh4 a4 57.Bb4 Bxh4
58.Ke2 Kb6 59.Kd3 Kc6 60.Ke2  1/2-1/2

[Event "58th ch-RUS w 1st liga"]
[Site "Smolensk RUS"]
[Date "2008.02.28"]
[Round "2"]
[White "Gulinina,N"]
[Black "Slavnova,D"]
[Result "1-0"]
[WhiteElo "1892"]
[BlackElo "2233"]

1.e4 d5 2.exd5 Qxd5 3.Nc3 Qd8 4.Nf3 Nf6 5.d4 a6 6.h3 e6 7.Bd3 Be7 8.O-O Nbd7
9.Ne2 c5 10.c3 b5 11.Ng3 Bb7 12.Re1 Qc7 13.dxc5 Nxc5 14.Bc2 Bd6 15.Nf5 O-O-O
16.Nxd6+ Qxd6 17.Qe2 h6 18.a4 Nxa4 19.Bxa4 bxa4 20.Rxa4 Qd3 21.Qxd3 Rxd3
22.Ne5 Rd5 23.Nxf7 Rf8 24.Ne5 Nd7 25.Ng6 Re8 26.Be3 e5 27.Nh4 e4 28.Ng6 Rb5
29.Re2 Rd5 30.Rd4 Nf6 31.Red2 Kd7 32.Rxd5+ Nxd5 33.c4 Ke6 34.cxd5+ Kf5 35.Nf4 g5
36.Ne6 Bxd5 37.Ng7+  1-0

[Event "XI Open"]
[Site "Malaga ESP"]
[Date "2008.03.01"]
[Round "9"]
[White "Huerga Leache,M"]
[Black "Ortega Ruiz,J"]
[Result "1-0"]
[WhiteElo "2440"]
[BlackElo "2290"]

1.e4 d5 2.exd5 Qxd5 3.Nc3 Qd6 4.d4 Nf6 5.Nf3 a6 6.g3 Bg4 7.Bg2 Nc6 8.O-O O-O-O
9.d5 Nb4 10.h3 Bh5 11.Bf4 Qc5 12.Be3 Qd6 13.Qe2 Nbxd5 14.Nxd5 Nxd5 15.Rfd1 Qe6
16.g4 Bg6 17.Ng5 Qe5 18.c4 Nxe3 19.Bxb7+ Kxb7 20.Rxd8 Qxg5 21.Qf3+ c6 22.Rad1 Bf5
23.fxe3  1-0

[Event "24th Open"]
[Site "Bad Woerishofen GER"]
[Date "2008.03.02"]
[Round "4"]
[White "Galdunts,S"]
[Black "Bohnstorff,M"]
[Result "1-0"]
[WhiteElo "2483"]
[BlackElo "2165"]

1.e4 d5 2.exd5 Qxd5 3.Nc3 Qd8 4.d4 c6 5.Bc4 Nf6 6.Nf3 Bf5 7.Ne5 e6 8.g4 Bg6
9.h4 Bb4 10.Rh3 Be4 11.a3 Bxc3+ 12.bxc3 Nfd7 13.Nxd7 Nxd7 14.Qe2 Bd5 15.Bd3 b5
16.a4 a6 17.Ba3 Nb6 18.Qe5 Qf6 19.Qc7 Qd8 20.Qe5 Qf6 21.Qc7 Qd8 22.Qxd8+ Kxd8
23.a5 Nc4 24.Bb4 h5 25.g5 g6 26.O-O-O Kd7 27.Re1 Nd6 28.Bc5 Nb7 29.Bb4 Nd6
30.Kd2 Rae8 31.Re5 Rc8 32.Ke3 Nb7 33.Be4 Nd6 34.Bxd6 Kxd6 35.Rf3 Rc7 36.Rf6 Rb8
37.Kd3 Bxe4+ 38.Ke3 Bd5 39.Kd3 Bc4+ 40.Kd2 Bd5 41.f4 Be4 42.Rxe4 c5 43.dxc5+ Kxc5
44.Rd4 b4 45.Kd3 Rcb7 46.cxb4+ Rxb4 47.Rxb4 Kxb4 48.Rxf7 Kxa5 49.Rf6 Rb4
50.Ke3 Rb1 51.Rxg6 Rh1 52.Ke4 Rxh4 53.Rxe6 Rg4 54.g6 h4 55.Re5+ Kb4 56.Rg5  1-0

[Event "TCh-BEL 2007-8"]
[Site "Belgium BEL"]
[Date "2008.03.02"]
[Round "10"]
[White "David,Alb"]
[Black "Dutreeuw,M"]
[Result "1/2-1/2"]
[WhiteElo "2557"]
[BlackElo "2392"]

1.e4 d5 2.exd5 Qxd5 3.Nc3 Qd6 4.d4 Nf6 5.Nf3 c6 6.Ne5 Nbd7 7.Bf4 Nd5 8.Nxd5 Qxd5
9.Nf3 Nf6 10.Be2 Bf5 11.Be3 e6 12.O-O Be7 13.Ne5 O-O 14.c3 c5 15.Bc4 Qd6
16.Qf3 cxd4 17.Bxd4 Qc7 18.Rfe1 Bd6 19.Bf1 Nd7 20.Nxd7 Qxd7 21.g3 b6 22.a4 Qc7
23.Bg2 Rab8 24.Qc6 Qxc6 25.Bxc6 Rbc8 26.Bb5 Bc5 27.Bxc5 bxc5 28.Red1 Rfd8
29.b4 cxb4 30.cxb4 Be4 31.Ba6 Rb8 32.Bf1 Rxd1 33.Rxd1 Kf8 34.b5 Ke7 35.Rc1 Kd7
36.f4 Rb6 37.Kf2 Rd6 38.Ke3 Bb7 39.Be2 f6 40.a5 Bd5 41.Rc3 g5 42.fxg5 fxg5
43.Bd3 h5 44.Rc2 h4 45.Rf2 hxg3 46.hxg3 Ke7 47.Rc2 Rd7 48.Be4 Bxe4 49.Kxe4 Rd5
50.Rb2 Kd7 51.b6 axb6 52.axb6 Kc8 53.b7+ Kb8 54.Rb6 Ra5 55.Rxe6 Kxb7 56.Re5 Ra3
57.Rxg5 Kc6 58.g4 Kd6 59.Kf5 Ke7 60.Kg6 Kf8 61.Rb5 Ra6+ 62.Kh7 Ra7+ 63.Kh8  1/2-1/2

[Event "TCh-BEL 2007-8"]
[Site "Belgium BEL"]
[Date "2008.03.02"]
[Round "10"]
[White "Laurent,B"]
[Black "Maes,V"]
[Result "1-0"]
[WhiteElo "2359"]
[BlackElo "2164"]

1.e4 d5 2.exd5 Qxd5 3.Nc3 Qd8 4.d4 Nf6 5.Bg5 c6 6.Bc4 e6 7.Nf3 Be7 8.h4 Nbd7
9.Qe2 Nb6 10.Bd3 Nbd5 11.Ne4 h6 12.Bd2 Nb4 13.Bxb4 Bxb4+ 14.c3 Be7 15.O-O-O Qa5
16.Kb1 Bd7 17.Ne5 Qc7 18.g4 Rf8 19.Nc5 Bxc5 20.dxc5 O-O-O 21.g5 Nd5 22.Bc2 hxg5
23.hxg5 Qa5 24.Rh7 Qxc5 25.Rxg7 Be8 26.a3 b5 27.Bb3 Nc7 28.Rxd8+ Kxd8 29.Qe4 Nd5
30.Bxd5 Qxd5 31.Qxd5+ cxd5 32.f4 f6 33.Ng4 fxg5 34.fxg5 Rf7 35.Rxf7 Bxf7
36.Ne5 Be8 37.g6 Ke7 38.g7 Bf7 39.Nc6+ Kf6 40.Nxa7 b4 41.axb4 Kxg7 42.b5 Bg6+
43.Kc1 Bd3 44.Kd2 Bf1 45.b6 Ba6 46.Nb5 e5 47.Nd6  1-0

[Event "58th ch-RUS w 1st liga"]
[Site "Smolensk RUS"]
[Date "2008.03.02"]
[Round "5"]
[White "Fakhretdinova,M"]
[Black "Grigorian,Mar"]
[Result "1-0"]
[WhiteElo "2160"]
[BlackElo "2082"]

1.e4 d5 2.exd5 Qxd5 3.Nc3 Qd6 4.Nf3 Nf6 5.Bc4 a6 6.d4 b5 7.Be2 Bb7 8.O-O Nbd7
9.a3 e6 10.h3 c5 11.Be3 Rc8 12.Qd2 Be7 13.Rfd1 O-O 14.Qc1 Qc6 15.Bf1 Rfd8
16.dxc5 Bxc5 17.Nd4 Qc7 18.Nb3 Be7 19.Bf4 e5 20.Be3 Nb6 21.Na5 Ba8 22.Nb3 Rxd1
23.Qxd1 Nc4 24.Bc1 Nxa3 25.Bd2 b4 26.Na2 Nxc2 27.Rc1 Bd5 28.Na1 b3 29.Nc3 Bc4
30.Nxc2 bxc2 31.Qxc2 Bxf1 32.Rxf1 Bc5 33.Qf5 Qd7 34.Qc2 h6 35.Rd1 Qa7 36.Be1 Bd4
37.Qf5 Qd7 38.Qd3 Qb7 39.Rb1 Rd8 40.Qc4 Rc8 41.Qd3 Rd8 42.Qc4 Ne4 43.Ne2 Bxf2+
44.Bxf2 Nd2 45.Qh4 Rb8 46.Rd1 Qxb2 47.Ng3 Qc2 48.Qg4 Rb2 49.Nf5 g6 50.Ne3 Qd3
51.Qc8+ Kg7 52.Qc1 Qb5 53.Qc7 Ne4 54.Rf1 Nd2 55.Bg3 Nxf1 56.Bxe5+ Kf8 57.Qd8+ Qe8
58.Bg7+  1-0

[Event "FSIM March"]
[Site "Budapest HUN"]
[Date "2008.03.03"]
[Round "2"]
[White "Szegi,T"]
[Black "Schmidt,Rau"]
[Result "0-1"]
[WhiteElo "2293"]
[BlackElo "2160"]

1.e4 d5 2.exd5 Qxd5 3.Nc3 Qd6 4.d4 c6 5.Nf3 Bf5 6.g3 Nf6 7.Bg2 e6 8.O-O Nbd7
9.a3 Qc7 10.Qe2 Bd6 11.Nd1 O-O 12.Ne3 Be4 13.c4 c5 14.b4 Bxf3 15.Bxf3 cxd4
16.Nc2 d3 17.Qxd3 Ne5 18.Qe2 Nxf3+ 19.Qxf3 Qxc4 20.Ne3 Qe4 21.Qxe4 Nxe4 22.Bb2 Be7
23.Rac1 Rac8 24.Rfd1 Nd6 25.Be5 Rxc1 26.Rxc1 Rc8 27.Rd1 Rd8 28.Bxd6 Bxd6
29.Nc4 Bc7 30.Rxd8+ Bxd8 31.Nd6 b6 32.b5 Be7 33.Nc8 Bxa3 34.Nxa7 e5 35.g4 f6
36.Kf1 Kf7 37.Ke2 Ke6 38.Kd3 Kd5 39.f3 g6 40.h3 Bc5 41.Nc6 f5 42.Nb8 e4+
43.fxe4+ fxe4+ 44.Ke2 Kc4 45.Nd7 Kxb5 46.Nf6 Kc4 47.Nxe4 Be7 48.g5 b5 49.Nf6 b4
50.h4 h5 51.Ng8 Bd6 52.Nh6 b3 53.Kd1 Bf4  0-1

[Event "58th ch-RUS w 1st liga"]
[Site "Smolensk RUS"]
[Date "2008.03.03"]
[Round "6"]
[White "Ter Steponianc,A"]
[Black "Yanovskaya,O"]
[Result "1/2-1/2"]
[WhiteElo "2100"]
[BlackElo "1904"]

1.e4 d5 2.exd5 Qxd5 3.Nc3 Qd6 4.d4 Nf6 5.Nf3 a6 6.h3 Bf5 7.Bc4 Nc6 8.a3 e6
9.O-O O-O-O 10.Ne2 Qd7 11.Bf4 Bd6 12.c3 Bxf4 13.Nxf4 h6 14.Nd3 Ne4 15.Nfe5 Nxe5
16.Nxe5 Qe7 17.f3 Nc5 18.Qe2 f6 19.Nc6 bxc6 20.dxc5 Qxc5+ 21.Kh1 e5 22.Bxa6+ Kb8
23.Rfd1 Ka7 24.Bc4 Rd6 25.b4 Qb6 26.a4 Rhd8 27.a5 Qb7 28.Kh2 c5 29.b5 Kb8
30.Rxd6 Rxd6 31.Rd1 Rxd1 32.Qxd1 Qc8 33.Qd5 Qf8 34.Qc6 Qd6 35.Qxd6 cxd6 36.Bd5 Ka7
37.Kg3 g5 38.Kf2 Bd3 39.c4 f5 40.Ke3 Bf1 41.Kf2 Bd3 42.g3 Bb1 43.Ke3 Bc2
44.h4 gxh4 45.gxh4 f4+ 46.Kd2 Bb1 47.Kc3 Bg6 48.Kd2 Bb1 49.Be6 Bg6 50.Ke2 Bc2
51.Kf2 Bd3 52.Kg2 Be2 53.Bd5 Bd3 54.Bf7 Be2 55.h5 Bd3 56.Kh3 Be2 57.Kg4 Bd3
58.Kh3 Be2 59.Kg4 Bd3 60.Bd5 Bc2 61.Be6 Bh7 62.Bd5 Bd3 63.Be6 Bh7 64.Bf7 Bd3
65.Bd5 Bc2 66.Bg8 Bb1 67.Be6 Bh7 68.Bd5 Bc2 69.Be6 Bh7 70.Bd5  1/2-1/2

[Event "FSIM March"]
[Site "Budapest HUN"]
[Date "2008.03.05"]
[Round "4"]
[White "Lengyel,B"]
[Black "Schmidt,Rau"]
[Result "0-1"]
[WhiteElo "2261"]
[BlackElo "2160"]

1.e4 d5 2.exd5 Qxd5 3.Nc3 Qd6 4.d4 c6 5.Nf3 Bf5 6.Be2 e6 7.O-O Nd7 8.Nh4 Bg6
9.f4 Be7 10.Nxg6 hxg6 11.Ne4 Qc7 12.c4 Ngf6 13.Bf3 Nxe4 14.Bxe4 Nf6 15.Bf3 O-O-O
16.Be3 Bc5 17.dxc5 Rxd1 18.Raxd1 g5 19.fxg5 Qxh2+ 20.Kf2 Qh4+ 21.Ke2 Qxc4+  0-1

[Event "58th ch-RUS w 1st liga"]
[Site "Smolensk RUS"]
[Date "2008.03.05"]
[Round "8"]
[White "Bogacheva,A"]
[Black "Slavnova,D"]
[Result "1-0"]
[WhiteElo "1916"]
[BlackElo "2233"]

1.e4 d5 2.exd5 Qxd5 3.Nc3 Qd6 4.g3 c6 5.Bg2 Nf6 6.Nf3 Bg4 7.h3 Bxf3 8.Qxf3 Qe5+
9.Qe3 Qxe3+ 10.dxe3 e6 11.Bd2 Bb4 12.O-O-O Nbd7 13.a3 Ba5 14.b4 Bd8 15.b5 Rc8
16.bxc6 bxc6 17.Ne4 Nxe4 18.Bxe4 Nf6 19.Bf3 O-O 20.c4 Be7 21.Kb2 c5 22.Ba5 Bd8
23.Bc3 Be7 24.Rd2 Rfd8 25.Rhd1 Rxd2+ 26.Rxd2 Rd8 27.Rxd8+ Bxd8 28.Kb3 Ne8
29.Be5 Kf8 30.Bb8 Bb6 31.Be5 Ke7 32.Bc6 f6 33.Bc3 Nd6 34.g4 Bd8 35.f4 Nc8
36.h4 Kd6 37.Be4 h6 38.h5 Nb6 39.g5 e5 40.g6 Ke6 41.f5+ Kd6 42.Bb7 Kc7 43.Bd5 Kd6
44.e4 Bc7 45.Bd2 Nc8 46.Ka4 Ne7 47.Kb5 Kd7 48.Be6+ Kd6 49.Be3 Bb6 50.Bd5 a5
51.Kxb6 Nc8+ 52.Kb5 a4 53.Bxc5+ Kc7 54.Bf8 Na7+ 55.Kxa4 Kb6 56.c5+ Ka6 57.Bxg7 Nb5
58.Bc4 Kb7 59.Kxb5 Ka7 60.Bf8 Kb7 61.g7 Ka7 62.Bd5 Kb8 63.Bd6+ Ka7 64.Bb8+ Kxb8
65.g8=Q+ Ka7 66.Qa8+  1-0

[Event "Cvijet Mediterana"]
[Site "Rijeka CRO"]
[Date "2008.03.06"]
[Round "8"]
[White "Coimbra,M"]
[Black "Jelica,M"]
[Result "1/2-1/2"]
[WhiteElo "2124"]
[BlackElo "2163"]

1.e4 d5 2.exd5 Qxd5 3.Nc3 Qd6 4.d4 Nf6 5.Nf3 c6 6.Bd3 Bg4 7.Ne4 Nxe4 8.Bxe4 Nd7
9.h3 Bh5 10.g4 Bg6 11.Bxg6 hxg6 12.Qe2 Nf6 13.g5 Nd5 14.Ne5 Qb4+ 15.Qd2 e6
16.c4 Qxd2+ 17.Bxd2 Nb4 18.Bxb4 Bxb4+ 19.Ke2 Bd6 20.h4 Bxe5 21.dxe5 O-O-O
22.Ke3 c5 23.Rad1 Rxd1 24.Rxd1 Rxh4 25.b3 Kc7 26.f4 Rh3+ 27.Ke4 Rh2 28.a3 a6
29.Rd3 Re2+ 30.Re3 Ra2 31.a4 b5 32.axb5 axb5 33.Rh3 Re2+ 34.Kd3 Rf2 35.Ke4 bxc4
36.bxc4 Rc2 37.Kd3 Ra2 38.Rh7 Ra3+ 39.Ke4 Kd7 40.Rxg7 Ke7 41.Rg8 Rc3 42.Rc8 Rxc4+
43.Ke3 Rc1 44.Rc7+ Ke8 45.Kd2 Rf1 46.Ke3 Re1+ 47.Kd3 Rd1+ 48.Ke3 Rd5 49.Ke4 Rd4+
50.Ke3 Rc4 51.Rc8+ Kd7 52.Rf8 Rc3+ 53.Kd2 Rf3 54.Rxf7+ Kc6 55.Ke2 Ra3 56.Rf6 Kd5
57.Rxg6 c4 58.Rg8 Ke4 59.g6 Ra2+ 60.Kd1 Kf5  1/2-1/2

[Event "58th ch-RUS w 1st liga"]
[Site "Smolensk RUS"]
[Date "2008.03.06"]
[Round "9"]
[White "Kharmunova,N"]
[Black "Chudinovskikh,Z"]
[Result "1/2-1/2"]
[WhiteElo "2170"]
[BlackElo "1944"]

1.e4 d5 2.exd5 Qxd5 3.Nc3 Qd6 4.Nf3 Nf6 5.Bc4 a6 6.d4 b5 7.Bb3 Bb7 8.Ne5 e6
9.Bf4 Qd8 10.Qe2 Nd5 11.Qh5 g6 12.Qf3 f5 13.O-O-O Bg7 14.h4 O-O 15.h5 g5
16.h6 Bf6 17.Nxd5 Bxd5 18.Qg3 Bxb3 19.Bxg5 Bxg5+ 20.f4 Bd5 21.Rh5 Qf6 22.fxg5 f4
23.Qh4 Qe7 24.Qg4 Nc6 25.Nxc6 Bxc6 26.Re1 Rae8 27.g6 Qf6 28.Rhe5 Bd7 29.d5 f3
30.gxf3 Qf4+ 31.Qxf4 Rxf4 32.dxe6 Bc8 33.gxh7+ Kxh7 34.e7 Rxf3 35.Rd1 Rf7
36.Rd8 Rexe7 37.Rxe7 Rxe7 38.Rxc8 Kxh6 39.Kd2 Kg5 40.Rf8 Re6 41.Kd3 Rc6 42.a3 Rd6+
43.Kc3 Rc6+ 44.Kb3 Rc4 45.c3 a5 46.a4 Rxa4 47.Ra8 c5 48.Kc2 c4 49.Rc8 Kf6
50.Rc5 Ke6 51.Rxb5 Kd6 52.Kb1 Kc6 53.Rh5 Kb6 54.Rh4 Kb5 55.Rg4 Kb6 56.Kc2 Kb5
57.Rg1 Kc5 58.Kb1 Kb6 59.Rg4 Kb5 60.Rf4 Kb6  1/2-1/2

[Event "XXIII Open"]
[Site "Reykjavik ISL"]
[Date "2008.03.07"]
[Round "5"]
[White "Stefansson,H"]
[Black "Galego,L"]
[Result "1-0"]
[WhiteElo "2564"]
[BlackElo "2529"]

1.e4 d5 2.exd5 Qxd5 3.Nc3 Qd6 4.d4 Nf6 5.Nf3 a6 6.g3 Bg4 7.h3 Bxf3 8.Qxf3 Nc6
9.Be3 O-O-O 10.O-O-O e6 11.Bg2 Qb4 12.Kb1 Qa5 13.d5 exd5 14.Nxd5 Rxd5 15.Rxd5 Qxd5
16.Qxd5 Nxd5 17.Bxd5 Nd8 18.Bd4 f6 19.Re1 Bd6 20.a3 c6 21.Be4 Kc7 22.Bc3 c5
23.h4 Nc6 24.f4 h5 25.Bg6 Ne7 26.Bd3 b5 27.Ba5+ Kd7 28.c4 Rb8 29.Bc3 Nc6
30.cxb5 axb5 31.Bf5+ Kc7 32.Bg6 b4 33.axb4 cxb4 34.Bd2 Rb5 35.Be8 Rd5 36.Be3 Ne7
37.Bf7 Rb5 38.Bf2 g5 39.Bxh5 gxf4 40.Be2 fxg3 41.Rc1+ Kd8 42.Bxb5 gxf2 43.Rd1 Kc7
44.h5 Nf5 45.Rd5 Nh6 46.Kc2 Be5 47.Kb3 Ng4 48.Kxb4 Bxb2 49.Rf5 Kd6 50.Be2 Nh6
51.Rxf2 Bc1 52.Rf1 Bg5 53.Kc4 Ke5 54.Kd3 Nf5 55.Ra1 Nh6 56.Ra4 Kf5 57.Bf3 Bf4
58.Ra5+ Be5 59.Ra7 Bf4 60.Kd4 Bg5 61.Kd5 Kf4 62.Bd1 Kf5 63.Rg7 Kf4 64.Ke6 Nf5
65.Ra7 Nh6 66.Ra4+ Kg3 67.Bc2 Kh3 68.Ke7 f5+ 69.Ke6 f4 70.Ra3+ Kh4 71.Bd1 Ng4
72.Be2 Nh6 73.Rd3 Ng8 74.Rd1 Nh6 75.Rg1 Ng8 76.Kf7  1-0

[Event "TCh-FIN 2007-8"]
[Site "Finland FIN"]
[Date "2008.03.08"]
[Round "8"]
[White "Nyysti,S"]
[Black "Kiik,K"]
[Result "1/2-1/2"]
[WhiteElo "2363"]
[BlackElo "2463"]

1.e4 d5 2.exd5 Qxd5 3.Nc3 Qd6 4.d4 Nf6 5.Nf3 c6 6.g3 Bg4 7.Bg2 e6 8.h3 Bxf3
9.Bxf3 Nbd7 10.O-O Qc7 11.Ne4 Nxe4 12.Bxe4 Bd6 13.Qd3 O-O-O 14.Bg2 h5 15.h4 Kb8
16.c4 e5 17.d5 c5 18.Qf5 Rdf8 19.Bh3 Nb6 20.Qc2 g6 21.a4 f5 22.a5 Nd7 23.f4 Re8
24.Bg2 Rh7 25.fxe5 Bxe5 26.a6 b6 27.d6 Bxd6 28.Bg5 Bxg3 29.Rad1 Be5 30.Kh1 Nf6
31.Bxf6 Bxf6 32.Qd3 Re5 33.Qd6 Qxd6 34.Rxd6 Rf7 35.Bd5 Rf8 36.Rg1 Re7 37.Rxg6 Bxh4
38.Rh6 Bg3 39.Rde6 Rg7 40.Rhg6 Rxg6 41.Rxg6 Be5 42.Rh6 Rh8 43.Re6 Bc7 44.Kg2 h4
45.Kh3 Bd8 46.Rg6 Rh7 47.Rg8 Kc7 48.Rf8 Rg7 49.Rxf5 Kd6 50.Rf7 Rg3+ 51.Kh2 Be7
52.Rh7 Rb3 53.Rh8 Rxb2+ 54.Kh3 Ra2 55.Bb7 Ra3+ 56.Kg2 Bf6 57.Ra8 h3+ 58.Kf2 Bd4+
59.Ke2 h2 60.Rxa7 Ra2+ 61.Kd3 Ra3+ 62.Ke2 Ra2+ 63.Kd3 Ra3+ 64.Ke2  1/2-1/2

[Event "FSIM March"]
[Site "Budapest HUN"]
[Date "2008.03.09"]
[Round "8"]
[White "Llaneza Vega,P"]
[Black "Schmidt,Rau"]
[Result "1-0"]
[WhiteElo "2281"]
[BlackElo "2160"]

1.e4 d5 2.exd5 Qxd5 3.Nc3 Qd6 4.Bc4 c6 5.d4 Nf6 6.Nge2 Bf5 7.Bf4 Qd8 8.Ng3 Bg6
9.Qe2 Qxd4 10.Be3 Qg4 11.f3 Qc8 12.O-O-O Nbd7 13.f4 Nb6 14.Bxb6 axb6 15.Nb5 e6
16.Qe5 Nd7 17.Nc7+ Ke7 18.Rxd7+ Kxd7 19.Rd1+ Ke7 20.Nxa8 Qxa8 21.f5 Ke8 22.fxg6 hxg6
23.Ne4 Rh5 24.Qc7 Bc5 25.Nxc5 bxc5 26.Rd7 Rf5 27.Qd6  1-0

[Event "10th WCh-University"]
[Site "Novokuznetsk RUS"]
[Date "2008.03.09"]
[Round "8"]
[White "Soozankar,A"]
[Black "Hindermann,F"]
[Result "1/2-1/2"]
[WhiteElo "2253"]
[BlackElo "2307"]

1.e4 d5 2.exd5 Qxd5 3.Nc3 Qd6 4.d4 Nf6 5.Nf3 a6 6.g3 Bg4 7.h3 Bh5 8.g4 Bg6
9.Ne5 Nc6 10.Nxc6 Qxc6 11.d5 Qd6 12.Bg2 O-O-O 13.Be3 e6 14.dxe6 Qxd1+ 15.Rxd1 Rxd1+
16.Kxd1 fxe6 17.Kc1 Bd6 18.Re1 Re8 19.Bd4 Bf4+ 20.Be3 Bd6 21.Bd4 Bf4+ 22.Be3 Bd6
23.Bd4 e5 24.Be3 e4  1/2-1/2

[Event "FSGM March"]
[Site "Budapest HUN"]
[Date "2008.03.10"]
[Round "9"]
[White "Garbisu de Goni,U"]
[Black "Varga,Zo"]
[Result "1/2-1/2"]
[WhiteElo "2464"]
[BlackElo "2506"]

1.e4 d5 2.exd5 Qxd5 3.Nc3 Qd6 4.d4 c6 5.g3 Nf6 6.Bg2 Bg4 7.Qd3 e5 8.dxe5 Qxe5+
9.Nge2 Bf5 10.Qd4 Nbd7 11.Bf4 Qc5 12.O-O O-O-O 13.Qa4 Qb6 14.Nd4 Bg4 15.h3 Nc5
16.Qc4 Ne6 17.Nxc6 bxc6 18.Be3 Bc5 19.Na4 Qb4 20.Qa6+ Qb7 21.Qxb7+ Kxb7 22.Nxc5+ Nxc5
23.hxg4 Ne6 24.Bf3 Nd5 25.Bxd5 cxd5 26.c3 h5 27.gxh5 Rxh5 28.Rad1 a6 29.Kg2 Kc6
30.Rh1 Rdh8 31.Rxh5 Rxh5 32.Rh1 Rxh1 33.Kxh1 d4 34.cxd4 Kd5 35.Kg2 Nxd4 36.Kf1 Nf3
37.Ke2 Ke4 38.b4 Ne5 39.Kd2 Nc4+ 40.Kc3 Kd5 41.a4 Nd6 42.Kd3 Nb7 43.Bd4 g6
44.b5 axb5 45.axb5 Nd6 46.b6 Nb7 47.Be3 Nd6 48.Bf4 Nb7 49.Bc7 f6 50.Bf4 Nc5+
51.Ke3 Kc6 52.Kd4 Ne6+ 53.Kc4 Nc5 54.Be3 Nd7 55.Bd4 f5 56.b7 g5 57.Bc3 g4
58.Bd4 f4 59.gxf4 Kxb7 60.Kd5 Kc7 61.Ke6 Kd8 62.Kf7 Nb8 63.f5 Nc6 64.Bc5 Kd7
65.Kg7 Ke8 66.Kf6  1/2-1/2